书目信息 |
| 题名: |
宝宝3岁, 如何轻松适应幼儿园
|
|
| 作者: | 徐宁 著 | |
| 分册: | ||
| 出版信息: | 广州 广东旅游出版社 2019.7 |
|
| 页数: | 234页 | |
| 开本: | 23cm | |
| 丛书名: | ||
| 单 册: | ||
| 中图分类: | G616 | |
| 科图分类: | ||
| 主题词: | 幼儿园--家长工作(教育) | |
| 电子资源: | ||
| ISBN: | 978-7-5570-1824-5 | |
| 000 | 00832nam0 2200229 45 | |
| 001 | 012001003313 | |
| 005 | 20140909103708.0 | |
| 010 | @a978-7-5570-1824-5@dCNY48.00 | |
| 100 | @a20190911d2019 em y0chiy0110 ea | |
| 101 | 0 | @achi |
| 102 | @aCN@b440000 | |
| 105 | @aa z 000yy | |
| 106 | @ar | |
| 200 | 1 | @a宝宝3岁, 如何轻松适应幼儿园@Abao bao 3 sui, ru he qing song shi ying you er yuan@f徐宁著 |
| 210 | @a广州@c广东旅游出版社@d2019.7 | |
| 215 | @a234页@c图@d23cm | |
| 330 | @a本书向各位家长介绍了各类园所的评价要件,解决家长们园所选择方面的专业性问题,同时就宝宝入园前的物质、能力与心理准备,入园后各种可能出现的情况与正确、积极的应对措施都进行了说明。 | |
| 606 | 0 | @a幼儿园@x家长工作(教育) |
| 690 | @aG616@v5 | |
| 701 | 0 | @a徐宁@Axu ning@c(家庭教育)@4著 |
| 801 | @aCN@bAHXH@c20210922 | |
| 905 | @b1325525-9@dG616@e2286@f5 | |
| 宝宝3岁, 如何轻松适应幼儿园/徐宁著.-广州:广东旅游出版社,2019.7 |
| 234页:图;23cm |
| ISBN 978-7-5570-1824-5:CNY48.00 |
| 本书向各位家长介绍了各类园所的评价要件,解决家长们园所选择方面的专业性问题,同时就宝宝入园前的物质、能力与心理准备,入园后各种可能出现的情况与正确、积极的应对措施都进行了说明。 |
| ● |
| 相关链接 |
|
|
|
|
正题名:宝宝3岁, 如何轻松适应幼儿园
索取号:G616/2286
 
预约/预借
| 序号 | 登录号 | 条形码 | 馆藏地/架位号 | 状态 | 备注 |
| 1 | 1325525 | 213255252 | 第一样本阅览室/ [索取号:G616/2286] | 在馆 | |
| 2 | 1325526 | 213255261 | 教育系资料室/ [索取号:G616/2286] | 在馆 | |
| 3 | 1325527 | 213255270 | 教育系资料室/ [索取号:G616/2286] | 在馆 | |
| 4 | 1325528 | 213255289 | 第四借阅区/ [索取号:G616/2286] | 在馆 | |
| 5 | 1325529 | 213255298 | 第四借阅区/ [索取号:G616/2286] | 在馆 |